000 00527cam a22002171 4500
001 sa 68003118
003 DLC
005 20260227112449.0
008 890718s1967 ii 000 1 hino
010 _asa 68003118
035 _a(OCoLC)20025842
040 _aDLC
_cWaU
_dDLC
042 _apremarc
050 0 0 _aPK2098.14.R3
_bP7
100 1 _aBhramar, Ramkumar,
_d1938-
245 1 0 _aPraśnoṃ ke ghere.
260 _c[1968, i.e. 1967]
300 _a191 p.
_c19 cm.
500 _aIn Hindi.
500 _aShort stories.
999 _c79248
_d79248